000 00992nam a22002417a 4500
003 BR-ViAPE
005 20260513164048.0
008 260513s2013 porco||gs|||| 000 0 por d
020 _q978-85-98928-11-1
040 _cBR-ViAPE
100 _aPaula, Sérgio Peres de
245 _aFazenda do Centro: imigração e colonização italiana no sul do Espírito Santo
260 _aVitória
_bArquivo Público do Estado do Espírito Santo
_c2013
300 _a190 p.
_bil.
_c21cm x 15cm
300 _bLivro disponível em PDF
490 _aColeção Canaã
_vv. 15
500 _aObra disponibilizada em PDF por integrar a Coleção Canaã do APEES.
650 _aImigração italiana
_xHistória
_xReforma agrária
_zEspírito Santo (Brasil)
651 _aEspírito Santo (Brasil)
710 _aArquivo Público do Estado do Espírito Santo
856 _uhttps://ape.es.gov.br/Media/ape/PDF/Livros/LIVRO_Fazenda_do_Centro_editado.pdf
_yCLIQUE AQUI PARA ACESSAR O DOCUMENTO
942 _2ddc
_cBK
_n1
999 _c660
_d660